000 01060cam a2200289 i 4500
001 30229
003 Mx-PuUPA
005 20231011125727.0
008 140415s1973 mx a gr 000 0 spa d
040 _cMx-PuUPA
_aMx-PuUPA
_bspa
_dMx-PuUPA
_erda
041 0 _aspa
100 1 _aGonzález Echegaray, María del Carmen,
_914942
_eautor
245 1 3 _aLa patrona de México en las montañas de Santander /
_cCarmen González Echegaray
250 _aPrimera edición
264 1 _aMéxico, D.F. :
_bEditorial Jus,
_c1973
300 _a60 páginas, 5 láminas (sin paginación) :
_bilustraciones (en blanco y negro) ;
_c25 cm
336 _2rdacontent
_atexto
_btxt
336 _2rdacontent
_aimagen fija
_bsti
337 _2rdamedia
_asin medio
_bn
338 _2rdacarrier
_avolumen
_bnc
600 0 4 _aVirgen de Guadalupe, Santa
_xDevoción
_zEspaña, Santander
600 0 4 _aNuestra Señora de Guadalupe (Santuario)
651 4 _aSantander (España)
942 _2ddc
_cLI
_h232.917
_iG642
999 _c30229
_d30229